| 000 | 00944nam a2200277 a 4500 | ||
|---|---|---|---|
| 001 | BRCA_2982 | ||
| 005 | 20190320204045.0 | ||
| 008 | 141112s1971----fr-a######---#000-0#fre-u | ||
| 041 | _afre | ||
| 044 | _afr | ||
| 050 | 4 |
_aN2460 _b.R55 1971 |
|
| 245 | 1 | 0 |
_aLe Rijksmuseum _bAmsterdam _cavec la collaboration de Giorgio T. Faggin, Raffaele Monti, Ugo Ruggeri ; traduction de Mathilde Pascalis. |
| 260 |
_aParís _bDeux Coqs d´Or _c1971 |
||
| 300 |
_a171 p. _bil. a color _c30 cm. |
||
| 440 | 0 |
_aLes musées du monde _v8 _98260 |
|
| 500 | _aIncluye tabla de ilustraciones e índice de nombres | ||
| 500 | _aColección Sonia Corcuera de Mancera | ||
| 504 | _aBibliografía: p. 168 | ||
| 610 | 2 | 4 |
_aRijksmuseum _vCatálogos _zAmsterdam (Holanda) _98261 |
| 700 | 1 |
_aFaggin, Giorgio T. _98262 |
|
| 700 | 1 |
_aMonti, Raffaele _98263 |
|
| 700 | 1 |
_aRuggeri, Ugo _98264 |
|
| 700 | 1 |
_aPascalis, Mathilde _etr. _98265 |
|
| 902 | _aDSC | ||
| 942 |
_2lcc _cB |
||
| 999 |
_c2721 _d2721 |
||